Cheriya manushyarum valiya lokavum(ചെറിയ മനുഷ്യരും വലിയ ലോകവും) (Record no. 115317)

MARC details
000 -LEADER
fixed length control field 00295 a2200097 4500
020 ## - INTERNATIONAL STANDARD BOOK NUMBER
International Standard Book Number 9789364878012
100 ## - MAIN ENTRY--PERSONAL NAME
Personal name G. Aravindan
245 ## - TITLE STATEMENT
Title Cheriya manushyarum valiya lokavum(ചെറിയ മനുഷ്യരും വലിയ ലോകവും)
260 ## - PUBLICATION, DISTRIBUTION, ETC. (IMPRINT)
Name of publisher, distributor, etc D C books
Date of publication, distribution, etc 2024
942 ## - ADDED ENTRY ELEMENTS (KOHA)
Koha item type On order/under processing
Holdings
Withdrawn status Lost status Damaged status Not for loan Home library Current library Date acquired Source of acquisition Cost, normal purchase price Total Checkouts Barcode Date last seen Cost, replacement price Price effective from Koha item type
        University Library University Library 02/03/2026 275 1666.75   00097399 02/03/2026 2500.00 02/03/2026 On order/under processing
University Library, CUSAT